| 000 | 00486nam a2200193 a 4500 | ||
|---|---|---|---|
| 001 | 1756624040232 | ||
| 003 | ACL | ||
| 005 | 20250831124004.0 | ||
| 008 | 250831s2010##################000#0#eng## | ||
| 020 | _a9780486990385 | ||
| 082 | 0 | 4 |
_a759.95 _bGRA |
| 100 | 1 |
_aGrafton, Carol Belanger, _eauthor. |
|
| 245 | 1 | 0 | _a120 Great Orientalist Paintings : |
| 260 |
_bCourier Corporation, _c2010. |
||
| 300 | _a68 pages | ||
| 650 | 0 | _aDesign. | |
| 942 | _cENGLISH | ||
| 040 |
_aACL _beng _cACL |
||
| 999 |
_c584659 _d584659 |
||